| 000 | 00721pam a2200241 a 4500 | ||
|---|---|---|---|
| 001 | 725063 | ||
| 005 | 20180312054119.0 | ||
| 008 | 980122s1999 njua b 001 0 eng | ||
| 010 | _a 98012218 | ||
| 020 | _a0139227822 | ||
| 040 |
_aDLC _cDLC _dDLC |
||
| 041 | _aeng | ||
| 043 | _an-us--- | ||
| 080 | _a658.3 MON | ||
| 082 | 0 | 0 |
_a658.3 MON _221 |
| 100 | 1 | _a54 | |
| 101 | _aMAN | ||
| 245 | 1 | 0 |
_aHuman resource management / _cR. Wayne Mondy, Robert M. Noe, Shane R. Premeaux. |
| 504 | _aIncludes bibliographical references and index. | ||
| 906 |
_a7 _bcbc _corignew _d1 _eocip _f19 _gy-gencatlg |
||
| 942 |
_2ddc _cBK |
||
| 999 |
_c44693 _d44693 |
||